Anime Characters with the Same Japanese Voice Actors Quiz Stats

 Plays Quiz not verified by Sporcle

Score 0/21 Timer 10:00
0 Plays Today
% Correct
Haruhi Suzumiya
52.2%
Death the Kid
48.1%
Pikachu
45.3%
Naruto Uzumaki
41.5%
Toshiro Hitsugaya
39.3%
Gray Fullbuster
38.1%
Eren Jaeger
35.8%
Natsu Dragneel
32.7%
Kraft Lawrence
30.8%
Roy Mustang
29.2%
Ulquiorra Cifer
28.9%
% Correct
Nagisa Furukawa
27%
Akainu
24.2%
Nemu Kurotsuchi
23.3%
Wendy Marvell
21.7%
Crona
21.1%
Holo
19.8%
Killua Zoldyck (2011 version)
14.2%
Haru Glory
13.8%
Orihime Inoue
10.7%
Yukiteru 'Yuki' Amano
9.7%

You're not logged in!

Compare scores with friends on all Sporcle quizzes.
OR
Log In

You Might Also Like...

Show Comments

Extras

Top Quizzes Today


Score Distribution

Your Account Isn't Verified!

In order to create a playlist on Sporcle, you need to verify the email address you used during registration. Go to your Sporcle Settings to finish the process.

Report this User

Report this user for behavior that violates our Community Guidelines.

Details: